El sistema de justicia en la historia del Perú : (Registro nro. 21838)
[ vista simple ]
| 000 -Cabecera | |
|---|---|
| Campo de control interno | 01001nam a2200265Ia 4500 |
| 005 - Fecha y hora del registro | |
| control field | 20260320113317.0 |
| 008 - Elementos de Longitud Fija | |
| fixed length control field | 260320s9999||||xx |||||||||||||| ||und|| |
| 020 ## - ISBN | |
| ISBN | 9786124369452 |
| 041 ## - Idioma | |
| Codigo Idioma | ESP |
| 082 ## - DEWEY y NOTACIÓN INTERNA | |
| Dewey | 349.85 |
| Notación Interna | F18 T. 1 |
| 100 ## - AUTOR | |
| Autor denominación | Falconí Picardo, Marco, |
| Término de relación | autor |
| 245 #0 - TÍTULO DE MATERIAL BIBLIOGRÁFICO | |
| Título | El sistema de justicia en la historia del Perú : |
| Título paralelo | procesos de control de constitucionalidad, selección y nombramiento, ratificación, evaluación de desempeño, disciplinarios, legislación del sistema de justicia y casos relevantes |
| 246 ## - TÍTULO TRADUCIDO | |
| Título | |
| Título paralelo | |
| Autor | |
| 250 ## - EDICIÓN | |
| Edición | Primera edición |
| 260 ## - CIUDAD, EDITORIAL, AÑO | |
| Ciudad | Lima : |
| Nombre de la Editorial | Adrus D&L Editores, |
| Año | 2025 |
| 300 ## - DESCRIPCIÓN | |
| N° Páginas | 621 páginas : |
| Otros detalles | ilustraciones : |
| Dimensiones | 23 cm. |
| Material Adicional | |
| 440 ## - MENCIÓN DE SERIE | |
| Título de la Serie | |
| Número de Serie | |
| Volumen de Serie | |
| 650 ## - TEMAS | |
| Temas | Ciencias Sociales |
| 653 ## - DESCRIPTORES | |
| Lenguajes no controlado | Derecho; Derecho peruano; Sistema de justicia |
| 654 ## - PROGRAMAS | |
| Programa | |
| 700 ## - OTROS AUTORES | |
| Otros autores | |
| Títulos y otras palabras asociadas con el nombre | |
| 856 ## - URL - UBICACIÓN | |
| URI/URL: Enlace exacto del recurso | <a href="https://palestra-tirantonline-com.ucsp.lookproxy.com/base/per">https://palestra-tirantonline-com.ucsp.lookproxy.com/base/per</a> |
| Nota pública: Versión digital | <a href="Véase además: Base de datos Titant Palestra">Véase además: Base de datos Titant Palestra</a> |
| 942 ## - ELEMENTOS DE KOHA | |
| Tipo de documento | Libro |
| Nombre del creador | Justo Noguera |
| Código de catalogador | Mirtha Ponce |
| Esquema de clasificación | Dewey Decimal Classification |
| Suppress in OPAC | |
| Codigo completo | Registro | Colección | Copia número | Disponibilidad | Tipo de préstamo | Biblioteca Actual | Procedencia (Biblioteca) | Ubicacón | Fecha Ingreso | Tipo de Adquisición | Observación | Date last seen | Total checkouts | Price effective from | Tipo de Item | Estado del Material | Fuente de Clasificación | Damaged status | Withdrawn status |
|---|---|---|---|---|---|---|---|---|---|---|---|---|---|---|---|---|---|---|---|
| 349.85 F18 T. 1 | 1085924 | Universidad Católica San Pablo | 1 | Disponible | Disponible | Víctor Andrés Belaunde | Víctor Andrés Belaunde | Primer piso | 10/03/2026 | Donación | José Chávez | 20/03/2026 | 20/03/2026 | Libro | Bueno | Dewey Decimal Classification |




